000
00308nam a22001457a 4500
003
OSt
005
20211227160138.0
008
211227b |||||||| |||| 00| 0 eng d
020
_a
0340802146
040
_c
HU
082
_a
004
100
_a
Brid Mac
_9
25573
245
_a
Windows Me
942
_2
ddc
_c
BOOKS
_n
0
999
_c
24462
_d
24462